[Event "Kalamazoo op12"]
[Site "Kalamazoo"]
[Date "1999.12.18"]
[Round "1"]
[White "Mills, Dan"]
[Black "Dorrington, Eldon"]
[Result "1/2-1/2"]
[WhiteElo "1470"]
[BlackElo "1697"]
[PlyCount "70"]
[EventDate "1999.12.18"]
[EventType "swiss"]
[EventRounds "3"]
[EventCountry "USA"]
[SourceTitle "EXT 2007"]
[Source "ChessBase"]
[SourceDate "2006.11.23"]
[SourceVersion "1"]
[SourceVersionDate "2006.11.23"]
[SourceQuality "1"]

1. f4 Nf6 2. b3 d5 3. Bb2 e6 4. e3 Nc6 5. Nf3 Be7 6. Bb5 a6 7. Bxc6+ bxc6 8. Nc3 0-0 9. 0-0 c5 10. Ne5 Bb7 11. Qf3 Rb8 12. Ne2 Ne4 13. Rad1 f5 14. Ng3 Nf6 15. Nh5 Qe8 16. Nxf6+ Bxf6 17. Ba3 Be7 18. d4 cxd4 19. Bxe7 Qxe7 20. Rxd4 c5 21. Rd2 a5 22. Qe2 Qd6 23. c4 Rbd8 24. cxd5 exd5 25. Qd1 Qb6 26. Qc2 Kh8 27. Rc1 c4 28. Kf2 cxb3 29. Qc5 Qxc5 30. Rxc5 bxa2 31. Rxa2 d4 32. Rc7 Bd5 33. Rxa5 dxe3+ 34. Kxe3 Bg8 35. Raa7 g6 1/2-1/2

[Event "Kalamazoo op12"]
[Site "Kalamazoo"]
[Date "1999.12.18"]
[Round "2"]
[White "Rutgers, Randy"]
[Black "Mills, Dan"]
[Result "1-0"]
[WhiteElo "1575"]
[BlackElo "1470"]
[PlyCount "23"]
[EventDate "1999.12.18"]
[EventType "swiss"]
[EventRounds "3"]
[EventCountry "USA"]
[SourceTitle "EXT 2007"]
[Source "ChessBase"]
[SourceDate "2006.11.23"]
[SourceVersion "1"]
[SourceVersionDate "2006.11.23"]
[SourceQuality "1"]

1. d4 e6 2. e4 d5 3. Nc3 dxe4 4. f3 exf3 5. Nxf3 Nf6 6. Bg5 Be7 7. Qd2 Nbd7 8. Bd3 0-0 9. 0-0 h6 10. Bxh6 gxh6 11. Qxh6 Nh7 12. Qxh7# 1-0